Punt d'informació jove [Objecte] : curs 2007 - 2008 : programa d'informació i dinamització als centres d'ensenyament secundari curs 2007 - 2008 :
Publicado:
Barcelona :
Diputació de Barcelona. Àrea d'Igualtat i Ciutadania. Oficina del Pla Jove ,
2007
Descripción Física:
1 carpeta ; 23 x 31 cm
MARC
| LEADER | 00000nam a2200000Ia 4500 | ||
|---|---|---|---|
| 001 | 21062 | ||
| 008 | 160829s2007 xx 000 0 cat d | ||
| 080 | |a NBM-2-5 | ||
| 245 | |a Punt d'informació jove [Objecte] : |b curs 2007 - 2008 : |b programa d'informació i dinamització als centres d'ensenyament secundari | ||
| 260 | |a Barcelona : |b Diputació de Barcelona. Àrea d'Igualtat i Ciutadania. Oficina del Pla Jove, |c 2007 | ||
| 300 | |a 1 carpeta ; |c 23 x 31 cm | ||
| 710 | 1 | |a Barcelona (Catalunya : Província). |b Oficina del Pla Jove |9 52707 | |
| 901 | |a Arxiu | ||
| 942 | |n 1 | ||
| 952 | |0 0 |1 0 |4 0 |6 NBM25 |7 1 |9 51174 |a Arxiu |b Arxiu |d 2016-12-01 |l 0 |o NBM-2-5 |p 21062 |r 2016-12-01 00:00:00 |w 2016-12-01 |y ARXIU | ||
| 999 | |c 55017 |d 55017 | ||